Les Élisabeth et Élizabeth célèbres - Statistiques

Statistiques générales
  • Ce quiz a été pris 131 fois
  • Le résultat moyen est 5 sur 16
Statistiques - réponses
Par images Réponse % Correct
Élisabeth Borne
92%
Élisabeth II
87%
Elizabeth Taylor
64%
Élisabeth de Wittelsbach
58%
Élisabeth Ire
49%
Élisabeth Badinter
36%
Élisabeth Lévy
24%
Elizabeth Montgomery
14%
Élisabeth Quin
12%
Elizabeth Bowes-Lyon
12%
Élisabeth Moreno
4%
Élizabeth Martichoux
4%
Élisabeth Depardieu
2%
Élisabeth Moss
2%
Elisabeth Reaser
1%
Élisabeth Shue
1%
Aucun quiz correspondant
Distribution des résultats
% des personnes avec chaque résultat
Percentile par nombre de réponses
Votre historique - résultats
Vous n’avez pas pris ce quiz